Visualizzazione normale
Vista MARC
- Tertullianus
di Personal Name
Records bibliografici associati: 6
001 - CONTROL NUMBER
- control field: 34595
003 - CONTROL NUMBER IDENTIFIER
- control field: IT-RoPau
005 - DATE AND TIME OF LATEST TRANSACTION
- control field: 20150524112917.0
008 - FIXED-LENGTH DATA ELEMENTS
- fixed length control field: 150524|| aca||aabn | a|a d
040 ## - CATALOGING SOURCE
- Original cataloging agency: IT-RoPau
- Transcribing agency: IT-RoPau
100 ## - HEADING--PERSONAL NAME
- Personal name: Tertullianus
670 ## - SOURCE DATA FOUND
- Source citation: Work cat.: (IT-RoPau)13921: Tertullianus, Contre les Valentinienes. (Testo latino-francese).